Die 50 Erfolgreichsten Filmreihen aller Zeiten - Statistiken

Allgemein
  • Dieses Quiz wurde 1.623 mal gespielt
    1.290 seit der letzten Aktualisierung
  • Das Durchschnittsergebnis liegt bei 13 aus 50
Antwortstatistiken
Platz Filmreihe Filme Einspielergebnis % Korrekt
3 Wizarding World 11 9.61 Mrd.
88%
2 Star Wars 12 10.34 Mrd.
87%
9 Peter Jacksons Mittelerde-Hexagolie 6 5.91 Mrd.
80%
5 James Bond 26 6.47 Mrd.
63%
19 Sam Raimis Spider-Man Trilogie 3 2.50 Mrd.
56%
36 Sony's Spider-Man Universe 3 1.53 Mrd.
56%
20 The Dark Knight Trilogie 3 2.45 Mrd.
54%
49 Burtons & Schumachers Batman-Reihe 4 1.25 Mrd.
51%
4 Fast & Furious 10 6.61 Mrd.
51%
7 Jurassic Park 6 6.08 Mrd.
46%
1 Marvel Cinematic Universe 30 28.26 Mrd.
43%
22 Star Trek 13 2.26 Mrd.
43%
6 DC Extended Universe 11 6.21 Mrd.
42%
12 Pirates of the Caribbean 5 4.52 Mrd.
40%
26 Indiana Jones 4 1.98 Mrd.
37%
16 Toy Story 5 3.26 Mrd.
36%
14 Mission: Impossible 6 3.57 Mrd.
32%
10 Transformers 6 4.84 Mrd.
32%
18 Die Tribute von Panem 4 2.97 Mrd.
31%
30 Cars-Universum 5 1.79 Mrd.
29%
24 Terminator 6 2.10 Mrd.
24%
8 X-Men 13 6.07 Mrd.
24%
11 Ich - Einfach unverbesserlich 5 4.64 Mrd.
23%
31 Matrix 4 1.79 Mrd.
22%
13 Shrek 6 3.59 Mrd.
21%
15 Twilight-Saga 5 3.35 Mrd.
21%
48 Rocky 8 1.29 Mrd.
20%
17 Ice Age 5 3.22 Mrd.
19%
40 Stirb langsam 5 1.44 Mrd.
19%
37 Alien 8 1.51 Mrd.
18%
28 Men in Black 4 1.91 Mrd.
14%
42 Hangover 3 1.41 Mrd.
12%
32 Planet der Affen Trilogie 3 1.68 Mrd.
11%
35 Die Chroniken von Narnia 3 1.58 Mrd.
10%
27 MonsterVerse 4 1.94 Mrd.
10%
34 Bourne 5 1.64 Mrd.
9%
23 Conjuring-Universum 8 2.12 Mrd.
9%
25 Jumanji 4 2.08 Mrd.
9%
29 Kung Fu Panda 3 1.81 Mrd.
9%
41 Ocean's 4 1.42 Mrd.
8%
21 Madagascar 4 2.26 Mrd.
7%
47 Fifty Shades of Grey 3 1.32 Mrd.
6%
50 Resident Evil 6 1.23 Mrd.
6%
33 Drachenzähmen leicht gemacht 3 1.64 Mrd.
5%
39 Die Mumie 4 1.44 Mrd.
3%
46 Nachts im Museum 3 1.35 Mrd.
3%
43 Alvin und die Chipmunks 4 1.38 Mrd.
2%
44 Hotel Transsilvanien 4 1.38 Mrd.
2%
38 Robert-Langdon-Trilogie 3 1.46 Mrd.
2%
45 Detective Chinatown 3 1.35 Mrd.
1%
Keine übereinstimmenden Quizze gefunden
Verteilung der Resultate
Anzahl Personen mit jedem Resultat
Perzentil nach korrekt beantworteten Fragen
Ihre Resultats-Entwicklung
Sie haben dieses Quiz seit der letzten Aktualisierung nicht gespielt